Saltar al contenido
Inicio
Centros participantes
Catálogo
Servicios
Contacto
כניסה לחשבון
English
Deutsch
Español
Français
Italiano
日本語
Nederlands
Português
Português (Brasil)
中文(简体)
中文(繁體)
Türkçe
עברית
Gaeilge
Cymraeg
Ελληνικά
Català
Euskara
Русский
Čeština
Suomi
Svenska
polski
Dansk
slovenščina
اللغة العربية
বাংলা
Galego
Tiếng Việt
Hrvatski
हिंदी
Հայերէն
Українська
Sámegiella
שפה
כל השדות
כותר
מחבר
נושא
סימן המיקום
ISBN/ISSN
תג
מצא
מתקדם
PECE:
יצירת מראה מקום
שלח את זה
הדפסה
יצוא רשומה
יצוא אל RefWorks
יצוא אל EndNoteWeb
יצוא אל EndNote
הוספה למועדפים
Enlace Permanente
Agregar primera valuación
PECE: salarios fijos, precios móviles /
שמור ב:
מידע ביבליוגרפי
מחבר ראשי:
González Chávez, Gerardo
פורמט:
Texto
נושאים:
PECE
MEXICO
ECONOMIA
תגים:
הוספת תג
אין תגיות, היה/י הראשונ/ה לתייג את הרשומה!
מלאי ספרים
תיאור
הערות
פריטים דומים
תצוגת צוות
MARC
LEADER
00000 a a2200000 04500
001
46021
003
040
100
|a
González Chávez, Gerardo
245
|a
PECE:
|b
salarios fijos, precios móviles /
|c
Gerardo González Chávez
650
|a
PECE
650
|a
MEXICO
650
|a
ECONOMIA
773
|g
número60 (1992), páginas 13-16
999
|c
21556
|d
21556
פריטים דומים
PECE: salarios fijos, precios móviles /
מאת: González Chávez, Gerardo
Salario y modernización /
מאת: González Chávez, Gerardo J.
Salario y modernización /
מאת: González Chávez, Gerardo J.
Monoclova: algunos efectos del neoliberalismo / Gerardo González Chávez
מאת: González Chávez, Gerardo
Aprovechamiento del recurso geotérmico en la estabilización de la temperatura del agua para el proceso de incubación de alevines de tilapia en estanques con recirculación
מאת: Salas González, Adán Osvaldo, 1992-
יצא לאור: (2019)